000 01256cam a2200385 a 4500
001 7140863
003 OSt
005 20210907112806.0
008 081031s2009 gw a b 001 0 eng
020 _a9783540880769
024 _a40016541129
035 _a(OCoLC)ocn269435337
035 _a(OCoLC)269435337
035 _a(NNC)7140863
038 _akhadija
040 _aUKM
_cUKM
_dYDXCP
_dNhCcYBP
042 _aukblcatcopy
050 4 _aQA76.87
_b.K65 2009
082 0 4 _a006.32
_bKOL
100 1 _aKolman, Eyal.
_982223
245 1 0 _aKnowledge-based Neurocomputing :
_bA Fuzzy Logic Approach /
_cEyal Kolman and Michael Margaliot.
260 _aBerlin :
_bSpringer,
_cc2009.
300 _axv, 100 p. :
_bill. ;
_c25 cm.
490 1 _aStudies in fuzziness and soft computing ;
_vv. 234
504 _aIncludes bibliographical references (p. [89]-98) and index.
563 _ahardcover
650 0 _aNeural networks (Computer science)
_918586
650 0 _aFuzzy logic.
_960142
650 0 _aKnowledge representation (Information theory)
_982224
700 1 _aMargaliot, Michael.
_982225
830 0 _aStudies in fuzziness and soft computing ;
_vv. 234.
_981701
942 _2ddc
_cBK
948 1 _a20090421
_bc
_cpg2032
_dMPS
999 _c31919
_d31919